World's Smallest Countries - Statistics

General Stats
  • This quiz has been taken 30 times
  • The average score is 14 of 17
Answer Stats
Size Country % Correct
0.27 mi Vatican City
100%
8.5 mi Nauru
97%
24 mi San Marino
97%
62 mi Liechtenstein
93%
0.77 mi Monaco
93%
104 mi St. Kitts and Nevis
93%
10 mi Tuvalu
93%
191 mi Palau
87%
133 mi Grenada
83%
171 mi Antigua and Barbuda
80%
150 mi St. Vincent and the Grenadines
80%
180 mi Andorra
77%
122 mi Malta
77%
166 mi Barbados
73%
70 mi Marshall Islands
70%
107 mi Seychelles
67%
115 mi Maldives
63%
No matching quizzes found
Score Distribution
Percent of People with Each Score
Percentile by Number Answered
Your Score History
You have not taken this quiz